| 000 | 00418pab a2200169 454500 | ||
|---|---|---|---|
| 008 | 180718b2009 xxu||||| |||| 00| 0 eng d | ||
| 100 | _aTalawar, M.S. | ||
| 245 | _aPOD casting - a new trend of web based technology in education | ||
| 260 | _c2009 | ||
| 300 | _ap.20-22. | ||
| 362 | _a28 Sep | ||
| 650 | _aPodcasting | ||
| 700 | _aKumar, T. Pradeep | ||
| 773 | _aUniversity News | ||
| 908 | _aN | ||
| 909 | _a84027 | ||
| 999 |
_c84027 _d84027 |
||